000 01205cam a2200313 a 4500
001 1914802
005 20081020143047.0
008 850724s1986 nju b 001 0 eng
010 _a 85017029
020 _a0691092354 :
_c$55.00
020 _a0691027641 (pbk.) :
_c$12.95
040 _aDLC
_cDLC
_dDLC
050 0 0 _aU162
_b.M25 1986
082 0 0 _a355.02
_219
_bMAK
245 0 0 _aMakers of modern strategy :
_bFrom Machiavelli to the nuclear age /
_cEdited by Peter Paret with the collaboration of Gordon A. Craig and Felix Gilbert.
260 _aPrinceton, N.J. :
_bPrinceton University Press,
_cc1986.
300 _avii, 941 p. ;
_c24 cm.
490 0 _aPrinceton paperbacks
500 _aIncludes index.
504 _aBibliography: p. 877-932.
650 0 _aStrategy.
650 0 _aMilitary art and science.
650 0 _aMilitary history, Modern.
700 1 _aParet, Peter.
700 1 _aCraig, Gordon Alexander,
_d1913-
700 1 _aGilbert, Felix,
_d1905-1991.
942 _2ddc
_cBB
999 _c11065
_d11065